Countries Britain did not Invade - Statistics

General Stats
  • This quiz has been taken 92 times
  • The average score is 7 of 22
Answer Stats
Answers % Correct
Mongolia
61%
Sweden
53%
Vatican City
43%
Andorra
40%
Chad
40%
Bolivia
39%
Republic of Congo
38%
Liechtenstein
34%
Luxembourg
32%
Mali
29%
Monaco
29%
Paraguay
29%
Central African Republic
26%
Belarus
25%
Ivory Coast
23%
Uzbekistan
23%
Kyrgyzstan
21%
Tajikistan
21%
Guatemala
19%
Burundi
13%
Marshall Islands
10%
Sao Tome and Principe
5%
No matching quizzes found
Score Distribution
Percent of People with Each Score
Percentile by Number Answered
Your Score History
You have not taken this quiz